[Event "European Senior Teams Chess Championshi"]
[Site "Rogaska Slatina"]
[Date "2012.04.03"]
[Round "8.15"]
[White "Teichmeister, Sven"]
[Black "Thieme, Hans"]
[Result "0-1"]
[WhiteElo "2039"]
[BlackElo "2075"]
[PlyCount "48"]
[EventDate "2012.03.27"]
[WhiteTeam "AUT - WIEN 2"]
[BlackTeam "GER - OBERURSEL"]

1. e4 c5 2. Nc3 e6 3. f4 d5 4. Bb5+ Nc6 5. Nf3 Nf6 6. exd5 exd5 7. Bxc6+ bxc6
8. O-O Be7 9. d3 O-O 10. b3 Qc7 11. g3 Re8 12. Bb2 c4 13. dxc4 dxc4 14. Qd4
cxb3 15. axb3 Rd8 16. Qe5 Bd6 17. Qa5 Bh3 18. Rfe1 Qxa5 19. Rxa5 Bc7 20. Ra4
Bb6+ 21. Kh1 Ng4 22. Rb1 Nf2+ 23. Kg1 Ne4+ 24. Kh1 Nd2 0-1

[Event "European Senior Teams Chess Championshi"]
[Site "Rogaska Slatina"]
[Date "2012.04.03"]
[Round "8.15"]
[White "Escher, Helmut"]
[Black "Titz, Herbert"]
[Result "1/2-1/2"]
[WhiteElo "2120"]
[BlackElo "2024"]
[PlyCount "94"]
[EventDate "2012.03.27"]
[WhiteTeam "GER - OBERURSEL"]
[BlackTeam "AUT - WIEN 2"]

1. d4 Nf6 2. Nf3 g6 3. Bf4 Bg7 4. e3 d6 5. Bd3 Nbd7 6. c3 O-O 7. Nbd2 Re8 8.
Bg5 c6 9. O-O Qc7 10. Re1 e5 11. dxe5 dxe5 12. e4 Nc5 13. Bc2 Be6 14. b4 Ncd7
15. Bb3 Rad8 16. Qc2 b5 17. a4 Bxb3 18. Qxb3 a6 19. c4 h6 20. Bh4 Nf8 21. Qe3
Ra8 22. Bxf6 Bxf6 23. Qxh6 Qe7 24. Qe3 Qxb4 25. Reb1 Qe7 26. axb5 axb5 27. Rxa8
Rxa8 28. cxb5 cxb5 29. Rxb5 Ra1+ 30. Nf1 Ra3 31. Qc1 Ra7 32. Ne3 Bg7 33. g3 f6
34. Rb6 Qd8 35. Nd5 Kh7 36. Qc6 Rf7 37. Ra6 Kh6 38. Kg2 Kh7 39. h4 Kh6 40. g4
Kh7 41. Kg3 Kh8 42. Rb6 Kh7 43. Ne3 Qd7 44. Qxd7 Nxd7 45. Rb7 Kg8 46. Rc7 Bf8
47. Nd5 Nc5 1/2-1/2

[Event "European Senior Teams Chess Championshi"]
[Site "Rogaska Slatina"]
[Date "2012.04.03"]
[Round "8.16"]
[White "Dahl, Ivar M"]
[Black "Steedman, James"]
[Result "1/2-1/2"]
[WhiteElo "2146"]
[BlackElo "2129"]
[PlyCount "28"]
[EventDate "2012.03.27"]
[WhiteTeam "NOR 5"]
[BlackTeam "NOR 2"]

1. Nf3 c5 2. g3 Nc6 3. d4 cxd4 4. Nxd4 g6 5. Bg2 Bg7 6. c3 Nf6 7. O-O O-O 8.
Nd2 d5 9. Nxc6 bxc6 10. e4 Ba6 11. Re1 e6 12. e5 Nd7 13. Nf3 Nc5 14. Bf1 Bxf1
1/2-1/2

[Event "European Senior Teams Chess Championshi"]
[Site "Rogaska Slatina"]
[Date "2012.04.03"]
[Round "8.16"]
[White "Hauge, Tor Arne"]
[Black "Mundal, Arnold"]
[Result "1-0"]
[WhiteElo "2124"]
[BlackElo "2013"]
[PlyCount "87"]
[EventDate "2012.03.27"]
[WhiteTeam "NOR 2"]
[BlackTeam "NOR 5"]

1. e4 e6 2. d3 b6 3. g3 Bb7 4. Bg2 f5 5. Nd2 Nf6 6. Nh3 Be7 7. O-O fxe4 8. dxe4
e5 9. c3 O-O 10. Re1 d6 11. Ng5 Na6 12. Ne6 Qe8 13. Nxf8 Qxf8 14. Nb3 Qf7 15.
Qe2 Rf8 16. Bg5 h6 17. Bxf6 Bxf6 18. Nd2 Nc5 19. Qc4 Ne6 20. Rad1 Bg5 21. f3
Kh7 22. Nf1 Qe8 23. Ne3 Bxe3+ 24. Rxe3 Qe7 25. Re2 Nc5 26. Red2 a5 27. Qe2 Qf7
28. Qe3 Bc8 29. Rf2 Qh5 30. Rdd2 g5 31. b3 Bb7 32. Rb2 Qf7 33. Bf1 Bc8 34. Bc4
Qf6 35. a3 Bb7 36. b4 axb4 37. axb4 Ne6 38. Ra2 Nd8 39. Ra7 Kg6 40. Kg2 Qe7 41.
Bd5 Bxd5 42. exd5 Re8 43. Qe4+ Kg7 44. Qc4 1-0

[Event "European Senior Teams Chess Championshi"]
[Site "Rogaska Slatina"]
[Date "2012.04.03"]
[Round "8.16"]
[White "Fossum, Widar"]
[Black "Taksrud, Vidar"]
[Result "1/2-1/2"]
[WhiteElo "2040"]
[BlackElo "2075"]
[PlyCount "45"]
[EventDate "2012.03.27"]
[WhiteTeam "NOR 5"]
[BlackTeam "NOR 2"]

1. f4 d5 2. Nf3 Nf6 3. g3 g6 4. Bg2 Bg7 5. O-O O-O 6. d4 c6 7. Nbd2 Na6 8. c3
Bf5 9. Ng5 h6 10. Nh3 Qd7 11. Nf2 Ng4 12. Nxg4 Bxg4 13. Qe1 Bh3 14. Nf3 Bxg2
15. Kxg2 c5 16. e3 Rac8 17. Bd2 Rfd8 18. Qe2 c4 19. h3 f5 20. Ne5 Qe8 21. g4 e6
22. Kh2 Bxe5 23. fxe5 1/2-1/2

[Event "European Senior Teams Chess Championshi"]
[Site "Rogaska Slatina"]
[Date "2012.04.03"]
[Round "8.16"]
[White "Sollid, Stein"]
[Black "Bergersen, Per A"]
[Result "1-0"]
[WhiteElo "2018"]
[BlackElo "1991"]
[PlyCount "33"]
[EventDate "2012.03.27"]
[WhiteTeam "NOR 2"]
[BlackTeam "NOR 5"]

1. e4 b6 2. d4 Bb7 3. Nc3 e6 4. Nf3 Bb4 5. Bd3 Nf6 6. Qe2 h6 7. O-O Bxc3 8.
bxc3 d5 9. e5 Nfd7 10. c4 c5 11. cxd5 Bxd5 12. c4 Bb7 13. d5 O-O 14. Qe4 f5 15.
exf6 Nxf6 16. Qxe6+ Kh8 17. Ne5 1-0

[Event "European Senior Teams Chess Championshi"]
[Site "Rogaska Slatina"]
[Date "2012.04.03"]
[Round "8.17"]
[White "Huebner, Wolfgang"]
[Black "Gustavsson, Sture"]
[Result "1-0"]
[WhiteElo "2188"]
[BlackElo "2018"]
[PlyCount "95"]
[EventDate "2012.03.27"]
[WhiteTeam "GER - MATTADORE"]
[BlackTeam "SWE 4"]

1. e4 c5 2. Nf3 Nc6 3. d4 cxd4 4. Nxd4 Nf6 5. Nc3 e5 6. Ndb5 d6 7. Bg5 a6 8.
Na3 b5 9. Nd5 Be7 10. Bxf6 Bxf6 11. c3 O-O 12. Nc2 Bg5 13. a4 bxa4 14. Rxa4 a5
15. Bc4 Rb8 16. b4 axb4 17. Ncxb4 Nxb4 18. Rxb4 Rxb4 19. cxb4 Kh8 20. O-O f5
21. exf5 Bxf5 22. Qb3 Be4 23. b5 Bxd5 24. Bxd5 Qb6 25. g3 Bd8 26. Qc4 Qa5 27.
Qe2 Bb6 28. Kg2 Qb4 29. f3 Qc5 30. Rd1 Qe3 31. Qxe3 Bxe3 32. Rb1 Rb8 33. Kf1 g6
34. Ke2 Bb6 35. Kd3 Kg7 36. Ke4 Kf6 37. h4 Rc8 38. Bc6 Ke6 39. h5 Bf2 40. hxg6
hxg6 41. Rh1 Bxg3 42. Rg1 Bf2 43. Rxg6+ Ke7 44. Kd5 Bc5 45. Re6+ Kf7 46. Rxd6
Bxd6 47. Kxd6 Kf6 48. b6 1-0

[Event "European Senior Teams Chess Championshi"]
[Site "Rogaska Slatina"]
[Date "2012.04.03"]
[Round "8.17"]
[White "Ohrn, Stellan"]
[Black "Krebs, Dietmar"]
[Result "1/2-1/2"]
[WhiteElo "1997"]
[BlackElo "2114"]
[PlyCount "131"]
[EventDate "2012.03.27"]
[WhiteTeam "SWE 4"]
[BlackTeam "GER - MATTADORE"]

1. Nf3 c5 2. b3 Nc6 3. e3 Nf6 4. Bb2 g6 5. Bb5 Bg7 6. O-O O-O 7. d4 cxd4 8.
exd4 d5 9. Nbd2 Qb6 10. Be2 Bf5 11. c3 Rfd8 12. Nh4 Bd7 13. Nhf3 Rac8 14. Bd3
e5 15. dxe5 Ng4 16. Nd4 Ngxe5 17. N2f3 Nxf3+ 18. Nxf3 Nb4 19. cxb4 Bxb2 20. Rb1
Ba3 21. Ne5 Bxb4 22. Nxd7 Rxd7 23. Rc1 Rxc1 24. Qxc1 Rc7 25. Qf4 Re7 26. Rc1
Bc5 27. g3 Re6 28. Qd2 Rf6 29. Rf1 Qe6 30. Qc3 Bb6 31. Kg2 Qc6 32. Qc2 Kg7 33.
Qb1 Qc3 34. Qc2 Rc6 35. Qxc3+ Rxc3 36. Rd1 Kf6 37. Kf1 Bc5 38. Ke2 Bb6 39. Kd2
Rc7 40. Ke2 Re7+ 41. Kf1 Ba5 42. Be2 Rd7 43. Bg4 Rd8 44. Ke2 Ke5 45. Bf3 Rd7
46. Rc1 Rc7 47. Rxc7 Bxc7 48. Bg2 Kd4 49. a4 a5 50. h4 h6 51. Kd2 g5 52. hxg5
hxg5 53. Bh3 Bd6 54. Bg2 b6 55. g4 Bc5 56. Ke2 Ke5 57. Kf3 Kd4 58. Ke2 Bb4 59.
Bh1 f6 60. Bg2 Ke5 61. Kf3 Bc5 62. Ke2 Kf4 63. Bxd5 Kxg4 64. Kf1 Kf4 65. Kg2 f5
66. f3 1/2-1/2

[Event "European Senior Teams Chess Championshi"]
[Site "Rogaska Slatina"]
[Date "2012.04.03"]
[Round "8.17"]
[White "Kurka, Dieter"]
[Black "Sandklef, Ake"]
[Result "0-1"]
[WhiteElo "2093"]
[BlackElo "1993"]
[PlyCount "68"]
[EventDate "2012.03.27"]
[WhiteTeam "GER - MATTADORE"]
[BlackTeam "SWE 4"]

1. d4 d5 2. Bf4 e6 3. Nf3 Nf6 4. e3 Nbd7 5. Nbd2 Be7 6. Bd3 c5 7. c3 b6 8. Ne5
Nxe5 9. dxe5 Nd7 10. Qg4 g5 11. Nf3 h5 12. Qg3 g4 13. Rg1 Bb7 14. h3 gxf3 15.
Qg7 Rf8 16. gxf3 Qc7 17. O-O-O O-O-O 18. Kb1 Kb8 19. Qh7 c4 20. Be2 Nc5 21.
Qxh5 Rh8 22. Qxf7 Rdf8 23. Qg7 Bc6 24. Qg3 Bh4 25. Qg2 Kb7 26. Rd4 Rhg8 27. Qh2
Rxg1+ 28. Qxg1 Qh7+ 29. Ka1 Rg8 30. Bg3 Be7 31. Qh1 Ba4 32. e4 Bc6 33. exd5
exd5 34. h4 Qc2 0-1

[Event "European Senior Teams Chess Championshi"]
[Site "Rogaska Slatina"]
[Date "2012.04.03"]
[Round "8.18"]
[White "Lahti, Jouko"]
[Black "Niebuhr, Gerd"]
[Result "1/2-1/2"]
[WhiteElo "2016"]
[BlackElo "2079"]
[PlyCount "23"]
[EventDate "2012.03.27"]
[WhiteTeam "FIN 2"]
[BlackTeam "GER - FREIBAUER"]

1. e4 e5 2. Nf3 Nc6 3. Bc4 Nf6 4. d3 Bc5 5. Nc3 d6 6. Be3 Nd4 7. Qd2 Bg4 8.
Bxd4 exd4 9. Na4 Bxf3 10. gxf3 Bb6 11. Nxb6 axb6 12. O-O 1/2-1/2

[Event "European Senior Teams Chess Championshi"]
[Site "Rogaska Slatina"]
[Date "2012.04.03"]
[Round "8.18"]
[White "Hellwege, Werner"]
[Black "Lyly, Seppo"]
[Result "1/2-1/2"]
[WhiteElo "2029"]
[BlackElo "1939"]
[PlyCount "31"]
[EventDate "2012.03.27"]
[WhiteTeam "GER - FREIBAUER"]
[BlackTeam "FIN 2"]

1. d4 Nf6 2. Nf3 g6 3. c4 Bg7 4. Nc3 d5 5. e3 O-O 6. Qb3 dxc4 7. Bxc4 e6 8. O-O
Nc6 9. Qa3 b6 10. Bd2 Bb7 11. Ba6 Bxa6 12. Qxa6 Qc8 13. Qa4 Qb7 14. Rac1 a6 15.
Ne2 Ne7 16. Bb4 1/2-1/2

[Event "European Senior Teams Chess Championshi"]
[Site "Rogaska Slatina"]
[Date "2012.04.03"]
[Round "8.18"]
[White "Auvinen, Esa"]
[Black "Juergens, Peter"]
[Result "1/2-1/2"]
[WhiteElo "1961"]
[BlackElo "1993"]
[PlyCount "31"]
[EventDate "2012.03.27"]
[WhiteTeam "FIN 2"]
[BlackTeam "GER - FREIBAUER"]

1. e4 e6 2. d4 d5 3. Nc3 Bb4 4. e5 c5 5. a3 Bxc3+ 6. bxc3 Ne7 7. a4 Qa5 8. Qd2
Nbc6 9. Nf3 f6 10. Bb5 a6 11. Bxc6+ Nxc6 12. O-O O-O 13. Ba3 b6 14. Qe3 fxe5
15. dxe5 Bd7 16. Nd2 1/2-1/2

[Event "European Senior Teams Chess Championshi"]
[Site "Rogaska Slatina"]
[Date "2012.04.03"]
[Round "8.19"]
[White "Svensson, Leif 1940"]
[Black "Liebert, Heinz"]
[Result "1/2-1/2"]
[WhiteElo "2129"]
[BlackElo "2251"]
[PlyCount "39"]
[EventDate "2012.03.27"]
[WhiteTeam "SWE 2"]
[BlackTeam "GER - CACHSEN-ANGALT"]

1. d4 e6 2. e4 c5 3. d5 exd5 4. exd5 d6 5. Nc3 Nf6 6. Bb5+ Bd7 7. Qe2+ Be7 8.
a4 O-O 9. Nf3 Re8 10. O-O Bf8 11. Qd3 a6 12. Bc4 Bg4 13. Bg5 Nbd7 14. Rfe1 Bxf3
15. Qxf3 Ne5 16. Qf4 Be7 17. Rad1 Nh5 18. Bxe7 Nxf4 19. Bxd8 Raxd8 20. Bf1
1/2-1/2

[Event "European Senior Teams Chess Championshi"]
[Site "Rogaska Slatina"]
[Date "2012.04.03"]
[Round "8.19"]
[White "Liebscher, Helmar"]
[Black "Hallerod, Ralph"]
[Result "1-0"]
[WhiteElo "2093"]
[BlackElo "2102"]
[PlyCount "81"]
[EventDate "2012.03.27"]
[WhiteTeam "GER - CACHSEN-ANGALT"]
[BlackTeam "SWE 2"]

1. e4 c6 2. d4 d5 3. e5 Bf5 4. Nc3 e6 5. g4 Bg6 6. Nge2 f6 7. h4 fxe5 8. h5 Bf7
9. dxe5 Nd7 10. f4 a6 11. Nd4 Qc7 12. Qe2 O-O-O 13. Bh3 Re8 14. Bd2 g5 15. Nf3
gxf4 16. Bxf4 Bb4 17. Qd2 Nb6 18. a3 Nc4 19. Qf2 Bxc3+ 20. bxc3 h6 21. Nd2 Ne7
22. Nxc4 dxc4 23. Qc5 Nd5 24. Qxc4 Ref8 25. O-O Be8 26. Rae1 c5 27. g5 Nxf4 28.
Rxf4 hxg5 29. Qxe6+ Kb8 30. Rxf8 Rxf8 31. h6 c4 32. Qd6 Rh8 33. Bf5 Bc6 34. h7
g4 35. Kf2 Bf3 36. Kg3 b6 37. Kf4 Kb7 38. Qxc7+ Kxc7 39. e6 Bc6 40. Kxg4 Be8
41. Kg5 1-0

[Event "European Senior Teams Chess Championshi"]
[Site "Rogaska Slatina"]
[Date "2012.04.03"]
[Round "8.19"]
[White "Wademark, Helge"]
[Black "Kirmas, Joachim Dr"]
[Result "1/2-1/2"]
[WhiteElo "2096"]
[BlackElo "2050"]
[PlyCount "44"]
[EventDate "2012.03.27"]
[WhiteTeam "SWE 2"]
[BlackTeam "GER - CACHSEN-ANGALT"]

1. e4 e5 2. Nf3 d6 3. Bc4 Nc6 4. c3 Na5 5. Be2 Nf6 6. O-O Be7 7. d3 Nc6 8. Be3
O-O 9. h3 Re8 10. Nbd2 d5 11. Qc2 h6 12. Nb3 Be6 13. Nc5 Bc8 14. Rad1 b6 15.
Nb3 Bb7 16. Bc1 Bf8 17. Rfe1 Qc8 18. Nh2 dxe4 19. dxe4 Ne7 20. Ng4 Qe6 21.
Nxf6+ Qxf6 22. Nd2 Ng6 1/2-1/2

[Event "European Senior Teams Chess Championshi"]
[Site "Rogaska Slatina"]
[Date "2012.04.03"]
[Round "8.19"]
[White "Reinemann, Guenter Dr"]
[Black "Svensson, Soren"]
[Result "0-1"]
[WhiteElo "2011"]
[BlackElo "2062"]
[PlyCount "70"]
[EventDate "2012.03.27"]
[WhiteTeam "GER - CACHSEN-ANGALT"]
[BlackTeam "SWE 2"]

1. e4 e5 2. Nf3 Nc6 3. Bb5 a6 4. Bxc6 dxc6 5. O-O Bg4 6. h3 h5 7. d3 Qf6 8.
Nbd2 Ne7 9. Re1 Ng6 10. d4 Bd6 11. hxg4 hxg4 12. Nh2 Rxh2 13. Qxg4 Rh4 14. Qf5
Ne7 15. Qxf6 gxf6 16. Nf3 Rh5 17. dxe5 fxe5 18. Be3 O-O-O 19. g3 Rg8 20. Kf1 f5
21. exf5 Rxf5 22. Ke2 Nd5 23. Rg1 Rgf8 24. Nh4 Nxe3 25. Nxf5 Nxf5 26. g4 Nd4+
27. Kd3 Rf3+ 28. Ke4 Rxf2 29. Raf1 Re2+ 30. Kd3 Rxc2 31. g5 Rh2 32. Rf7 Rh3+
33. Ke4 Rh4+ 34. Kd3 Ne6 35. Ke3 Bc5+ 0-1

[Event "European Senior Teams Chess Championshi"]
[Site "Rogaska Slatina"]
[Date "2012.04.03"]
[Round "8.20"]
[White "Andersson, Kaj"]
[Black "Kendall, Paul S N"]
[Result "1/2-1/2"]
[WhiteElo "2058"]
[BlackElo "2042"]
[PlyCount "59"]
[EventDate "2012.03.27"]
[WhiteTeam "SWE 3"]
[BlackTeam "ENG 3"]

1. e4 c5 2. Nf3 Nc6 3. d4 cxd4 4. Nxd4 g6 5. Be2 Bg7 6. c3 Nf6 7. Nd2 O-O 8.
O-O d6 9. N4b3 d5 10. exd5 Nxd5 11. Ne4 Bf5 12. Ng3 Be6 13. Nc5 Qc8 14. Nxe6
Qxe6 15. Qb3 Rfd8 16. Bf3 Rd7 17. Bg5 Qe5 18. Rad1 e6 19. Ne4 Na5 20. Qb5 Nb6
21. Qxe5 Bxe5 22. Nf6+ Bxf6 23. Bxf6 Nd5 24. Bg5 Kg7 25. Rd3 Nc4 26. Bxd5 exd5
27. b3 Ne5 28. Rd2 f6 29. Bf4 Rc8 30. Bxe5 1/2-1/2

[Event "European Senior Teams Chess Championshi"]
[Site "Rogaska Slatina"]
[Date "2012.04.03"]
[Round "8.20"]
[White "Scowen, Roger S"]
[Black "Andersson, Sven-Olof"]
[Result "0-1"]
[WhiteElo "1943"]
[BlackElo "2037"]
[PlyCount "90"]
[EventDate "2012.03.27"]
[WhiteTeam "ENG 3"]
[BlackTeam "SWE 3"]

1. e4 c5 2. Nc3 e6 3. f4 a6 4. a4 Nc6 5. Nf3 b6 6. g3 Bb7 7. Bg2 g6 8. O-O Bg7
9. e5 d5 10. d4 Nge7 11. Ne2 h5 12. h3 Nf5 13. c3 Bf8 14. Kh2 Qc7 15. Bd2 Be7
16. Rc1 c4 17. b4 cxb3 18. Qxb3 Na5 19. Qa2 Nc4 20. Rf2 Bc6 21. Ra1 Qd7 22. Nc1
Rc8 23. Nd3 Bb7 24. Nb2 Nxd2 25. Nxd2 Rxc3 26. Rf3 Qc7 27. Rxc3 Qxc3 28. Qb3
Qxd2 29. Qxb6 Ne3 30. Rg1 Bc8 31. Qc6+ Bd7 32. Qb7 Qxd4 33. Bf1 Qb4 34. Qa8+
Bd8 35. Nd3 Nxf1+ 36. Rxf1 Qd2+ 37. Nf2 Bxa4 38. Qxa6 Bd7 39. Qd6 Qb2 40. Kg2
Qb6 41. Qa3 Be7 42. Qa8+ Qd8 43. Qa7 O-O 44. Rb1 Bc6 45. Rb6 Bc5 0-1

[Event "European Senior Teams Chess Championshi"]
[Site "Rogaska Slatina"]
[Date "2012.04.03"]
[Round "8.21"]
[White "Baumbach, Friedrich Dr"]
[Black "Strand, Oyvin"]
[Result "1/2-1/2"]
[WhiteElo "2258"]
[BlackElo "1988"]
[PlyCount "118"]
[EventDate "2012.03.27"]
[WhiteTeam "GER - STIFTUNG BSW/DBAG"]
[BlackTeam "NOR 3"]

1. d4 d5 2. c4 e6 3. Nc3 Nf6 4. Bg5 Be7 5. e3 O-O 6. Nf3 Nbd7 7. Qc2 c6 8. Rd1
Re8 9. a3 a6 10. Bd3 dxc4 11. Bxc4 Nd5 12. Bxe7 Qxe7 13. O-O Nxc3 14. Qxc3 c5
15. d5 exd5 16. Rxd5 b5 17. Rg5 g6 18. Bd5 Ra7 19. Rd1 Bb7 20. h4 Bxd5 21.
Rgxd5 c4 22. h5 Nf8 23. h6 Ne6 24. Ne5 Qf6 25. f4 Rb7 26. Qd2 Qe7 27. Qc3 Qf6
28. Rd6 Ra7 29. Ng4 Qxc3 30. bxc3 Rf8 31. Nf6+ Kh8 32. Rd7 Raa8 33. Re7 Nc5 34.
Rc7 Nd3 35. Kf1 Rac8 36. Rxc8 Rxc8 37. Nd5 f5 38. Ra1 Rd8 39. Nc7 Rd6 40. a4 b4
41. cxb4 Nxb4 42. Rb1 a5 43. Nb5 Rd3 44. Rc1 Rxe3 45. Rxc4 Kg8 46. Rc7 Nd3 47.
g3 Rxg3 48. Nd6 Kf8 49. Rxh7 Rh3 50. Rf7+ Kg8 51. Rg7+ Kf8 52. Rxg6 Nxf4 53.
Rf6+ Ke7 54. Rxf5 Rf3+ 55. Ke1 Kxd6 56. Rxa5 Rh3 57. Kd2 Kc6 58. Ra6+ Kc5 59.
Rf6 Nd5 1/2-1/2

[Event "European Senior Teams Chess Championshi"]
[Site "Rogaska Slatina"]
[Date "2012.04.03"]
[Round "8.21"]
[White "Theting, Helge E"]
[Black "Fleuch, Hans-Juergen"]
[Result "1/2-1/2"]
[WhiteElo "1980"]
[BlackElo "2078"]
[PlyCount "66"]
[EventDate "2012.03.27"]
[WhiteTeam "NOR 3"]
[BlackTeam "GER - STIFTUNG BSW/DBAG"]

1. Nf3 g6 2. g3 Bg7 3. Bg2 e5 4. d3 d5 5. O-O Ne7 6. Nbd2 O-O 7. e4 dxe4 8.
dxe4 Nec6 9. c3 Qe7 10. Qe2 b6 11. b4 Nd7 12. a4 Nd8 13. Ba3 Qe6 14. Rfd1 Bb7
15. Ng5 Qf6 16. Nc4 Qxg5 17. Rxd7 Ne6 18. b5 Rfe8 19. Ne3 h5 20. Nd5 Bc8 21.
Bc1 Qg4 22. f3 Nd4 23. Qc4 Qxd7 24. cxd4 exd4 25. Bf4 Qe6 26. Rc1 Be5 27. Bxe5
Qxe5 28. Nxc7 Be6 29. Qf1 d3 30. Nxe8 Qd4+ 31. Qf2 Qxf2+ 32. Kxf2 Rxe8 33. Ke3
Rd8 1/2-1/2

[Event "European Senior Teams Chess Championshi"]
[Site "Rogaska Slatina"]
[Date "2012.04.03"]
[Round "8.21"]
[White "Mai, Hartmut"]
[Black "Henrichsen, Erland"]
[Result "1/2-1/2"]
[WhiteElo "1937"]
[BlackElo "1978"]
[PlyCount "34"]
[EventDate "2012.03.27"]
[WhiteTeam "GER - STIFTUNG BSW/DBAG"]
[BlackTeam "NOR 3"]

1. d4 Nf6 2. Nf3 e6 3. Bf4 c5 4. e3 Qb6 5. Qc1 Nc6 6. c3 d5 7. h3 Bd7 8. Bd3
Rc8 9. O-O cxd4 10. exd4 Nb4 11. Be2 Bd6 12. Bxd6 Qxd6 13. Nbd2 O-O 14. Ne5 Nc6
15. Nxc6 Rxc6 16. Nf3 Rb6 17. Ne5 Bb5 1/2-1/2

[Event "European Senior Teams Chess Championshi"]
[Site "Rogaska Slatina"]
[Date "2012.04.03"]
[Round "8.22"]
[White "Ovesen, Karsten"]
[Black "Alkkiomaki, Jyrki"]
[Result "1/2-1/2"]
[WhiteElo "1893"]
[BlackElo "2033"]
[PlyCount "42"]
[EventDate "2012.03.27"]
[WhiteTeam "NOR 4"]
[BlackTeam "FIN - TURKU"]

1. d4 d5 2. Nf3 Nf6 3. Bg5 e6 4. e3 Be7 5. Bd3 O-O 6. Nbd2 Nbd7 7. h4 c5 8. c3
Qc7 9. Bxf6 Nxf6 10. Ne5 Bd7 11. g4 Be8 12. g5 Nd7 13. f4 f6 14. Nxd7 Qxd7 15.
Qg4 f5 16. Qg2 c4 17. Be2 Rc8 18. Nf3 b5 19. Ne5 Qd6 20. a3 a5 21. O-O a4
1/2-1/2

[Event "European Senior Teams Chess Championshi"]
[Site "Rogaska Slatina"]
[Date "2012.04.03"]
[Round "8.22"]
[White "Rantanen, Veikko"]
[Black "Birkestrand, Odd"]
[Result "1/2-1/2"]
[WhiteElo "1934"]
[BlackElo "1837"]
[PlyCount "125"]
[EventDate "2012.03.27"]
[WhiteTeam "FIN - TURKU"]
[BlackTeam "NOR 4"]

1. c4 Nf6 2. g3 e5 3. Bg2 Be7 4. Nc3 O-O 5. Nf3 d6 6. O-O Nc6 7. d4 exd4 8.
Nxd4 Ne5 9. b3 Rb8 10. Bb2 Bd7 11. Qd2 Qc8 12. Nf3 Nxf3+ 13. Bxf3 a6 14. Rac1
Bg4 15. Bh1 Qf5 16. Rfe1 Rfd8 17. Nd5 Nxd5 18. Qxd5 Qd7 19. e4 Be6 20. Qd3 c6
21. Rcd1 Qc7 22. Qe3 Rd7 23. e5 Rbd8 24. exd6 Bxd6 25. Bf3 Qa5 26. Qc3 Qxc3 27.
Bxc3 Bc7 28. Rxd7 Rxd7 29. Bg4 Re7 30. Bxe6 fxe6 31. f4 Kf7 32. Kf2 Bb6+ 33.
Kf3 Rd7 34. Ke4 g6 35. b4 c5 36. a3 Ba7 37. Re2 cxb4 38. axb4 Rd8 39. c5 Ke7
40. Rd2 Rxd2 41. Bxd2 a5 42. Kd4 b6 43. bxa5 bxc5+ 44. Kc4 Kd6 45. Bc3 Kc6 46.
Be5 Kb7 47. Bd6 Kc6 48. Bf8 Bb8 49. Bxc5 e5 50. fxe5 Bxe5 51. a6 h5 52. a7 Kb7
53. Kd5 Bc7 54. Ke4 h4 55. Bf2 g5 56. Kf5 Bd8 57. Kg4 hxg3 58. Bxg3 Kxa7 59. h3
Kb7 60. Kf5 Kc6 61. Be5 Kd7 62. Kg6 Ke6 63. Bg7 1/2-1/2

[Event "European Senior Teams Chess Championshi"]
[Site "Rogaska Slatina"]
[Date "2012.04.03"]
[Round "8.22"]
[White "Johansen, Bjorn"]
[Black "Ranki, Martti"]
[Result "0-1"]
[WhiteElo "1716"]
[BlackElo "1915"]
[PlyCount "106"]
[EventDate "2012.03.27"]
[WhiteTeam "NOR 4"]
[BlackTeam "FIN - TURKU"]

1. d4 d5 2. Nc3 Nf6 3. Nf3 e6 4. Bg5 Be7 5. e3 O-O 6. Ne5 b6 7. Bd3 Bb7 8. O-O
Ne4 9. Bxe7 Qxe7 10. f3 Nd6 11. b3 a6 12. a4 f6 13. Ng4 Nd7 14. Qe1 f5 15. Ne5
Rac8 16. Qe2 c5 17. Qe1 cxd4 18. exd4 Nxe5 19. dxe5 Nf7 20. f4 Qc5+ 21. Kh1
Qxc3 22. Qf2 Qc5 23. Qe2 a5 24. h3 Qe7 25. Qe3 Rc5 26. Rab1 Qh4 27. Kh2 Nh6 28.
Kg1 Qd8 29. b4 d4 30. Qd2 axb4 31. Rxb4 Ra5 32. Rfb1 Bc6 33. Rxb6 Rc5 34. Qb4
Qd5 35. Qd2 Bxa4 36. Rd6 Qa2 37. Rc1 Nf7 38. Rxd4 Bc6 39. Qb4 Qa5 40. Rb1 g5
41. g3 Rc8 42. Kf2 h6 43. Ke3 Bd5 44. c4 Bc6 45. Qb2 Ra8 46. g4 gxf4+ 47. Kxf4
Nxe5 48. Rd6 Nxd3+ 49. Rxd3 Rxc4+ 50. Kg3 Qc7+ 51. Kh4 Be4 52. Qf6 Bxd3 53.
Qxe6+ Qf7 0-1

[Event "European Senior Teams Chess Championshi"]
[Site "Rogaska Slatina"]
[Date "2012.04.03"]
[Round "8.23"]
[White "Mckerracher, Douglas"]
[Black "Patola, Eero"]
[Result "0-1"]
[WhiteElo "2015"]
[BlackElo "1930"]
[PlyCount "102"]
[EventDate "2012.03.27"]
[WhiteTeam "SCO 2"]
[BlackTeam "FIN - HELSINKI"]

1. e4 d5 2. exd5 Qxd5 3. Nf3 Nf6 4. d4 Bg4 5. Be2 e6 6. O-O Be7 7. c4 Qd8 8.
Nc3 O-O 9. h3 Bh5 10. Re1 c6 11. Bf4 Nbd7 12. Ne5 Bxe2 13. Qxe2 a6 14. Rad1 Qc8
15. d5 Nxe5 16. Qxe5 cxd5 17. cxd5 Bb4 18. dxe6 fxe6 19. Qxe6+ Qxe6 20. Rxe6
Rad8 21. Rb6 Rxd1+ 22. Nxd1 Nd5 23. Rxb4 Nxb4 24. Bd6 Rd8 25. Bxb4 Rxd1+ 26.
Kh2 Kf7 27. Bc3 b5 28. Kg3 g6 29. a3 Ke6 30. Kf4 Rd5 31. f3 Rc5 32. h4 h6 33.
g3 Kd5 34. Ke3 Kc4 35. g4 h5 36. Kf4 Kd3 37. Bb4 Rd5 38. Bc3 Ke2 39. Ke4 Rd3
40. gxh5 gxh5 41. f4 Re3+ 42. Kf5 Kf3 43. Be5 a5 44. Kg5 Ke4 45. Kxh5 Kf5 46.
Kh6 Rh3 47. h5 Kg4 48. Kg6 Rxh5 49. Bc7 Rf5 50. Be5 b4 51. axb4 axb4 0-1

[Event "European Senior Teams Chess Championshi"]
[Site "Rogaska Slatina"]
[Date "2012.04.03"]
[Round "8.23"]
[White "Laitinen, Martti"]
[Black "Marks, Ian A"]
[Result "0-1"]
[WhiteElo "1808"]
[BlackElo "1891"]
[PlyCount "118"]
[EventDate "2012.03.27"]
[WhiteTeam "FIN - HELSINKI"]
[BlackTeam "SCO 2"]

1. d4 Nf6 2. c4 g6 3. Nc3 d5 4. Bg5 Ne4 5. Bh4 Nxc3 6. bxc3 dxc4 7. Qa4+ c6 8.
Qxc4 Be6 9. Qd3 Bg7 10. e3 b5 11. Qd2 Qa5 12. Nf3 Nd7 13. Bd3 Nf6 14. O-O O-O
15. Rfc1 Rac8 16. Ng5 Bd5 17. e4 h6 18. exd5 hxg5 19. Bxg5 cxd5 20. Rab1 a6 21.
Rb4 Rfe8 22. Qe1 Nd7 23. f4 e6 24. Bh4 Bh6 25. Bg5 Bxg5 26. fxg5 e5 27. Qd2 Nb6
28. dxe5 Rxe5 29. Qf4 Rce8 30. Rf1 R5e7 31. Qf6 Nd7 32. Qf2 Ne5 33. Rh4 Re6 34.
Rh3 Qb6 35. Qxb6 Rxb6 36. Bc2 Rc6 37. Bb3 Nc4 38. Rd3 Re5 39. h4 Rc5 40. Rdf3
Nd2 41. Rxf7 Nxf1 42. Rxf1 Rf5 43. Re1 Kf7 44. Re3 a5 45. Bc2 Rf4 46. g3 Rfc4
47. Rf3+ Kg7 48. h5 gxh5 49. Rf6 Rxc3 50. Rg6+ Kf7 51. Bf5 Rc6 52. Rxc6 Rxc6
53. Bd7 Rb6 54. Kf2 Kg6 55. Ke3 Kxg5 56. Kd4 Rb8 57. a3 b4 58. axb4 axb4 59.
Ba4 b3 0-1